| 000 | 00457ntaaa2200169 4500 | ||
|---|---|---|---|
| 003 | 01 | ||
| 005 | 20251027201423.0 | ||
| 008 | 0714s1973 ag 01 | ||
| 040 |
_aAR-BaBN _bspa _cAR-BaBN _eaacr _dRIC |
||
| 082 | _a284.3000 W48 | ||
| 100 | _aWenger, John Christian | ||
| 245 | _aEven Unto Death; the Hervic Witnes of the Sixteenth Century Anabaptists. | ||
| 250 |
_a1 ed. : _bJ. Knox, _cc/961 |
||
| 300 | _a127 p. | ||
| 650 |
_aAnabautistas _95726 |
||
| 942 | _cBK | ||
| 999 |
_c8751 _d8751 |
||